| 000 | 01009nam a2200253 a 4500 | ||
|---|---|---|---|
| 001 | 64419 | ||
| 003 | BD-RjUL | ||
| 005 | 20211209081316.0 | ||
| 008 | 170214s1930 enk 000 0 eng | ||
| 035 | _a(BD-RjUL)64549 | ||
| 040 |
_aDLC _cWHE _dBD-RjUL _beng |
||
| 041 | _aeng | ||
| 082 |
_223 _a820.8001 _bNOR 1930 |
||
| 245 | 0 | 4 |
_aThe Northern passion (supplement) : _bCambridge University ms. Gg. 1. 1; Oxford ms. Rawlinson poetry 175 / _cedited by Wilhelm Heuser and Frances A. Foster. |
| 260 |
_aLondon : _bPublished for the Early English Text Society by H. Milford, Oxford University Press, _c1930. |
||
| 300 |
_ax, 142 p. ; _c22 cm. |
||
| 490 | 1 |
_aOriginal series / Early English Text Society ; _vno. 183 |
|
| 650 |
_aJesus Christ _v Passion _x Poetry. _9191139 |
||
| 700 | 1 |
_aFoster, Frances A. _q(Frances Allen), _d1887- _9191140 |
|
| 700 | 1 |
_aHeuser, Wilhelm. _9191141 |
|
| 730 | 0 |
_aPassion des jongleurs. _9191142 |
|
| 830 | 0 |
_aEarly English Text Society (Series). _vno.183. _9191144 |
|
| 942 |
_2ddc _cBK |
||
| 999 |
_c64419 _d64419 |
||